000 01134nam a2200265 i 4500
001 bg
111 2 _aOgólnopolskie Spotkanie Dziekanów Wydziałów Elektrycznych i Wydziałów Elektroniki
_n(9 ;
_d1999 ;
_cBiałystok-Rajgród).
245 1 0 _aIX Ogólnopolskie Spotkanie Dziekanów Wydziałów Elektrycznych i Wydziałów Elektroniki :
_bBiałystok-Rajgród, 31.5-02.6.1999 r. : materiały /
_c[red. nauk. Mikołaj Busłowicz ; współpr. Walenty Owieczko, Anna Sądel] ; Politechnika Białostocka. Wydział Elektryczny.
260 _aBiałystok :
_bPB,
_c1999.
300 _a89 s. :
_bwykr. ;
_c23 cm.
504 _aBibliogr. przy materiałach.
650 9 _aTechnika
_xszkolnictwo wyższe
_zPolska
_yod 1989 r.
655 _aMateriały konferencyjne
700 1 _aBusłowicz, Mikołaj.
_eRed.
700 1 _aOwieczko, Walenty.
_eRed.
700 1 _aSądel, Anna.
_eRed.
710 0 _aPolitechnika Białostocka
_bWydział Elektryczny
020 _a8386272910
040 _cBPK
041 0 _apl
080 _a378.662(438)"1989/..."(061)
920 _a83-86272-91-0
942 _cKS
008 s pl f |000 0 pol
999 _c38008
_d38008
856 _uhttp://koha.tu.koszalin.pl/cgi-bin/koha/opac-detail.pl?biblionumber=38008
_yKatalog online BPK